000 00465nam a2200169 i 4500
001 102489
003 ES-MaACL
005 20230906183123.0
007 t|
008 051111s1905 fr ||||1| fre d
100 1 _aMerignhac, Alexandre.
_9214146
245 1 0 _aTraite de Droit Public International /
_cAlexandre Merignhac.
260 _aLaval (France) :
_bBarneoud,
_c1905.
300 _a3 v. ;
_c21 cm.
852 _aES-MaACL
_jF-6587-89
999 _c102489
_d102489